000 00392nam a22001697a 4500
005 20180316170225.0
008 160512b xxu||||| |||| 00| 0 eng d
020 _a81-259-1536-2
041 _aeng
082 _b1568
_a336
100 _aBhatia, H.L.
_9495
245 _aPublic Finance
260 _aNOIDA
_bVIKAS PUBLISHING HOUSE
300 _a701
650 _aManagement
_9241
942 _cBK
999 _c631
_d631